[Event "9th Vellmar Chess Days"]
[Site "chess24.com"]
[Date "2017.07.15"]
[Round "4"]
[White "Oppitz, Peter"]
[Black "Schnepp, Gunnar"]
[Result "0-1"]
[Board "3"]
[WhiteElo "2136"]
[WhiteTitle "CM"]
[WhiteCountry "GER"]
[WhiteFideId "4605500"]
[WhiteEloChange "-5"]
[BlackElo "2348"]
[BlackTitle "FM"]
[BlackCountry "AUT"]
[BlackFideId "1604503"]
[BlackEloChange "5"]

1. e4 {[%clk 1:30:58]} c5 {[%clk 1:30:59]} 2. Nf3 {[%clk 1:31:14]} d6 {[%clk
1:31:22]} 3. d4 {[%clk 1:31:04]} cxd4 {[%clk 1:31:49]} 4. Nxd4 {[%clk 1:31:26]}
Nf6 {[%clk 1:32:14]} 5. Nc3 {[%clk 1:31:50]} a6 {[%clk 1:32:35]} 6. Be2 {[%clk
1:31:48]} e6 {[%clk 1:32:52]} 7. O-O {[%clk 1:32:02]} Be7 {[%clk 1:33:19]} 8. Be3
{[%clk 1:32:07]} O-O {[%clk 1:33:35]} 9. f4 {[%clk 1:31:36]} Qc7 {[%clk 1:33:06]}
10. Bd3 {[%clk 1:27:43]} b5 {[%clk 1:30:20]} 11. a3 {[%clk 1:28:00]} Bb7 {[%clk
1:23:06]} 12. Qf3 {[%clk 1:25:45]} Nbd7 {[%clk 1:21:30]} 13. Rae1 {[%clk
1:21:58]} Nc5 {[%clk 1:12:04]} 14. Kh1 {[%clk 1:16:31]} Rab8 {[%clk 0:49:29]} 15.
Bd2 {[%clk 1:14:26]} Qb6 {[%clk 0:45:20]} 16. Nb3 {[%clk 0:55:59]} Nxd3 {[%clk
0:27:33]} 17. Qxd3 {[%clk 0:54:50]} Rfd8 {[%clk 0:27:37]} 18. Be3 {[%clk
0:41:25]} Qc7 {[%clk 0:27:43]} 19. Nd4 {[%clk 0:34:31]} Ba8 {[%clk 0:24:14]} 20.
Bc1 {[%clk 0:20:45]} Qb6 {[%clk 0:20:12]} 21. Be3 {[%clk 0:18:46]} Qb7 {[%clk
0:20:13]} 22. Bc1 {[%clk 0:17:33]} Bf8 {[%clk 0:19:26]} 23. Qh3 {[%clk 0:15:11]}
b4 {[%clk 0:18:43]} 24. axb4 {[%clk 0:11:39]} Qxb4 {[%clk 0:19:09]} 25. Qd3
{[%clk 0:11:51]} Rbc8 {[%clk 0:14:54]} 26. Rd1 {[%clk 0:10:37]} e5 {[%clk
0:12:31]} 27. Nf5 {[%clk 0:09:26]} Nxe4 {[%clk 0:12:15]} 28. Qxa6 {[%clk
0:07:09]} Nxc3 {[%clk 0:12:00]} 29. bxc3 {[%clk 0:07:35]} Qe4 {[%clk 0:12:06]}
30. Nh4 {[%clk 0:07:32]} Qxc2 {[%clk 0:09:50]} 31. fxe5 {[%clk 0:06:41]} dxe5
{[%clk 0:09:53]} 32. Rxd8 {[%clk 0:04:42]} Rxd8 {[%clk 0:10:21]} 33. Qc4 {[%clk
0:04:34]} Bd5 {[%clk 0:09:52]} 34. Qc7 {[%clk 0:04:43]} Qe2 {[%clk 0:09:20]} 35.
Rg1 {[%clk 0:04:48]} Ra8 {[%clk 0:07:23]} 36. Nf5 {[%clk 0:02:59]} Ra1 {[%clk
0:06:24]} 37. Ne3 {[%clk 0:02:50]} Rxc1 {[%clk 0:05:53]} 0-1

[Event "9th Vellmar Chess Days"]
[Site "chess24.com"]
[Date "2017.07.15"]
[Round "4"]
[White "Bennedik, Martin"]
[Black "Nilsson, Anders 1976"]
[Result "0-1"]
[Board "4"]
[WhiteElo "2086"]
[WhiteCountry "GER"]
[WhiteFideId "4618840"]
[WhiteEloChange "-7"]
[BlackElo "2192"]
[BlackTitle "CM"]
[BlackCountry "SWE"]
[BlackFideId "1705423"]
[BlackEloChange "7"]

1. e4 {[%clk 1:30:57]} d6 {[%clk 1:30:47]} 2. d4 {[%clk 1:31:21]} Nf6 {[%clk
1:31:12]} 3. Nc3 {[%clk 1:31:47]} c6 {[%clk 1:31:38]} 4. f4 {[%clk 1:28:57]} Qa5
{[%clk 1:32:03]} 5. Bd3 {[%clk 1:27:50]} e5 {[%clk 1:31:58]} 6. Nf3 {[%clk
1:23:44]} Nbd7 {[%clk 1:24:49]} 7. O-O {[%clk 1:12:24]} Be7 {[%clk 1:24:22]} 8.
Kh1 {[%clk 0:53:46]} O-O {[%clk 1:23:17]} 9. Qe1 {[%clk 0:40:07]} exd4 {[%clk
1:07:12]} 10. Nd5 {[%clk 0:49:55]} Qd8 {[%clk 1:06:59]} 11. Nxe7+ {[%clk
0:50:12]} Qxe7 {[%clk 1:07:28]} 12. e5 {[%clk 0:39:31]} Nd5 {[%clk 1:06:44]} 13.
Bxh7+ {[%clk 0:38:46]} Kxh7 {[%clk 1:06:16]} 14. Ng5+ {[%clk 0:38:39]} Kg8 {[%clk
1:06:28]} 15. Qh4 {[%clk 0:38:11]} N7f6 {[%clk 1:06:37]} 16. exf6 {[%clk
0:38:07]} Nxf6 {[%clk 1:06:37]} 17. f5 {[%clk 0:33:25]} Re8 {[%clk 1:07:17]} 18.
Bd2 {[%clk 0:33:25]} Qe2 {[%clk 0:37:05]} 19. Qxd4 {[%clk 0:26:07]} Qe5 {[%clk
0:26:27]} 20. Qh4 {[%clk 0:18:18]} Qe2 {[%clk 0:26:34]} 21. Qd4 {[%clk 0:18:08]}
Qe5 {[%clk 0:26:57]} 22. Qh4 {[%clk 0:17:53]} Qxb2 {[%clk 0:17:28]} 23. Rab1
{[%clk 0:17:35]} Qxc2 {[%clk 0:17:50]} 24. Bb4 {[%clk 0:10:46]} c5 {[%clk
0:15:13]} 25. Rbc1 {[%clk 0:09:01]} Qa4 {[%clk 0:15:17]} 26. Qc4 {[%clk 0:05:06]}
Rf8 {[%clk 0:13:14]} 27. Ne4 {[%clk 0:03:37]} Nxe4 {[%clk 0:13:20]} 28. Qxe4
{[%clk 0:04:05]} Qxb4 {[%clk 0:13:26]} 29. Rc4 {[%clk 0:04:21]} Qd2 {[%clk
0:12:53]} 30. Qe7 {[%clk 0:01:43]} Bxf5 {[%clk 0:12:41]} 0-1

[Event "9th Vellmar Chess Days"]
[Site "chess24.com"]
[Date "2017.07.15"]
[Round "4"]
[White "Dorst, Johannes"]
[Black "von Zimmermann, Georg"]
[Result "1/2-1/2"]
[Board "5"]
[WhiteElo "2180"]
[WhiteTitle "FM"]
[WhiteCountry "GER"]
[WhiteFideId "4650433"]
[WhiteEloChange "-3"]
[BlackElo "2072"]
[BlackCountry "GER"]
[BlackFideId "4663284"]
[BlackEloChange "3"]

1. e4 {[%clk 1:30:57]} c5 {[%clk 1:28:13]} 2. Nf3 {[%clk 1:31:19]} Nc6 {[%clk
1:28:35]} 3. Bb5 {[%clk 1:31:44]} e6 {[%clk 1:28:24]} 4. Bxc6 {[%clk 1:32:01]}
bxc6 {[%clk 1:28:52]} 5. d3 {[%clk 1:28:36]} d5 {[%clk 1:23:31]} 6. O-O {[%clk
1:28:52]} Ne7 {[%clk 1:23:00]} 7. Nc3 {[%clk 1:28:24]} Ng6 {[%clk 1:22:49]} 8. b3
{[%clk 1:26:56]} Be7 {[%clk 1:08:16]} 9. Re1 {[%clk 1:26:36]} O-O {[%clk
1:07:46]} 10. Na4 {[%clk 1:26:32]} c4 {[%clk 1:00:48]} 11. dxc4 {[%clk 1:12:14]}
dxc4 {[%clk 1:00:17]} 12. Bb2 {[%clk 1:12:33]} Bb4 {[%clk 0:48:47]} 13. Qxd8
{[%clk 1:04:36]} Rxd8 {[%clk 0:49:15]} 14. Red1 {[%clk 1:04:54]} Bb7 {[%clk
0:42:12]} 15. Bc3 {[%clk 1:00:20]} c5 {[%clk 0:36:13]} 16. Bxb4 {[%clk 0:50:42]}
cxb4 {[%clk 0:36:40]} 17. Nc5 {[%clk 0:51:06]} Bc6 {[%clk 0:36:38]} 18. Nd4
{[%clk 0:48:31]} Rd6 {[%clk 0:32:55]} 19. Nxc6 {[%clk 0:45:40]} Rxc6 {[%clk
0:33:24]} 20. Nb7 {[%clk 0:42:01]} cxb3 {[%clk 0:29:31]} 21. cxb3 {[%clk
0:39:42]} Kf8 {[%clk 0:21:10]} 22. g3 {[%clk 0:37:24]} Rc2 {[%clk 0:20:20]} 23.
a3 {[%clk 0:32:53]} bxa3 {[%clk 0:14:43]} 24. Rxa3 {[%clk 0:33:16]} Ne5 {[%clk
0:12:01]} 25. Rda1 {[%clk 0:29:59]} Nc6 {[%clk 0:12:21]} 26. Na5 {[%clk 0:27:26]}
Ne5 {[%clk 0:10:27]} 27. Nb7 {[%clk 0:26:59]} Nc6 {[%clk 0:10:50]} 28. R1a2
{[%clk 0:24:20]} Rxa2 {[%clk 0:10:51]} 29. Rxa2 {[%clk 0:24:44]} Rb8 {[%clk
0:10:22]} 30. Na5 {[%clk 0:23:10]} 1/2-1/2

[Event "9th Vellmar Chess Days"]
[Site "chess24.com"]
[Date "2017.07.15"]
[Round "4"]
[White "Koenig, Marco, Dr."]
[Black "Lopez-Rojas, Jeffrey"]
[Result "1-0"]
[Board "6"]
[WhiteElo "2068"]
[WhiteCountry "GER"]
[WhiteFideId "24643076"]
[WhiteEloChange "13"]
[BlackElo "2173"]
[BlackCountry "GER"]
[BlackFideId "12997277"]
[BlackEloChange "-13"]

1. e4 {[%clk 1:30:54]} e6 {[%clk 1:09:59]} 2. d4 {[%clk 1:30:46]} d5 {[%clk
1:10:23]} 3. exd5 {[%clk 1:30:10]} exd5 {[%clk 1:09:46]} 4. Bd3 {[%clk 1:29:57]}
Nc6 {[%clk 1:09:14]} 5. c3 {[%clk 1:28:45]} Bd6 {[%clk 1:09:11]} 6. Ne2 {[%clk
1:27:57]} Nf6 {[%clk 1:08:37]} 7. O-O {[%clk 1:24:19]} Be6 {[%clk 1:06:43]} 8.
Bf4 {[%clk 1:20:55]} h6 {[%clk 1:04:32]} 9. Bxd6 {[%clk 1:14:52]} Qxd6 {[%clk
1:03:30]} 10. Nd2 {[%clk 1:13:12]} Ng4 {[%clk 0:53:53]} 11. Nf3 {[%clk 1:07:10]}
f5 {[%clk 0:50:35]} 12. Ng3 {[%clk 1:03:18]} g6 {[%clk 0:44:12]} 13. Re1 {[%clk
0:58:25]} O-O {[%clk 0:31:58]} 14. Qc2 {[%clk 0:43:40]} Kg7 {[%clk 0:23:19]} 15.
Nh4 {[%clk 0:38:54]} f4 {[%clk 0:21:07]} 16. Nf1 {[%clk 0:32:17]} g5 {[%clk
0:16:05]} 17. Bf5 {[%clk 0:30:50]} Bd7 {[%clk 0:15:38]} 18. Bxd7 {[%clk 0:20:04]}
Qxd7 {[%clk 0:15:04]} 19. Qg6+ {[%clk 0:18:31]} Kh8 {[%clk 0:15:09]} 20. h3
{[%clk 0:18:02]} Rf6 {[%clk 0:07:30]} 21. Qh5 {[%clk 0:17:31]} gxh4 {[%clk
0:03:57]} 22. hxg4 {[%clk 0:17:52]} Rg8 {[%clk 0:02:22]} 23. f3 {[%clk 0:16:19]}
Ne7 {[%clk 0:01:44]} 24. Qxh4 {[%clk 0:16:35]} Rg5 {[%clk 0:01:30]} 25. Re5
{[%clk 0:15:17]} Rgg6 {[%clk 0:00:58]} 26. Rae1 {[%clk 0:13:46]} Nc6 {[%clk
0:00:59]} 27. Rh5 {[%clk 0:11:00]} Qg7 {[%clk 0:00:54]} 28. Rxd5 {[%clk 0:11:02]}
Kg8 {[%clk 0:00:50]} 29. Nd2 {[%clk 0:10:41]} Rg5 {[%clk 0:00:38]} 30. Rxg5
{[%clk 0:10:07]} Qxg5 {[%clk 0:00:41]} 31. Qxg5+ {[%clk 0:09:48]} hxg5 {[%clk
0:01:08]} 32. d5 {[%clk 0:08:32]} Nd8 {[%clk 0:00:45]} 33. Ne4 {[%clk 0:07:54]}
Rb6 {[%clk 0:01:01]} 34. Nxg5 {[%clk 0:07:36]} Nf7 {[%clk 0:00:41]} 35. Re8+
{[%clk 0:06:21]} Kg7 {[%clk 0:01:08]} 36. Re7 {[%clk 0:06:12]} Kf6 {[%clk
0:01:31]} 37. Rxf7+ {[%clk 0:06:33]} Kxg5 {[%clk 0:01:56]} 38. b3 {[%clk
0:06:09]} Ra6 {[%clk 0:01:32]} 39. a4 {[%clk 0:05:54]} b5 {[%clk 0:00:34]} 40.
Rf5+ {[%clk 0:06:03]} Kg6 {[%clk 0:00:33]} 41. Rxf4 {[%clk 0:06:23]} 1-0

[Event "9th Vellmar Chess Days"]
[Site "chess24.com"]
[Date "2017.07.15"]
[Round "4"]
[White "Reichenbaecher, Thomas"]
[Black "Viebahn, Dirk"]
[Result "0-1"]
[Board "7"]
[WhiteElo "1975"]
[WhiteCountry "GER"]
[WhiteFideId "4643402"]
[WhiteEloChange "-5"]
[BlackElo "2164"]
[BlackCountry "GER"]
[BlackFideId "4660790"]
[BlackEloChange "5"]

1. d4 {[%clk 1:30:56]} Nf6 {[%clk 1:30:48]} 2. c4 {[%clk 1:31:19]} g6 {[%clk
1:31:02]} 3. f3 {[%clk 1:31:14]} d5 {[%clk 1:30:29]} 4. cxd5 {[%clk 1:31:37]}
Nxd5 {[%clk 1:30:57]} 5. e4 {[%clk 1:32:01]} Nb6 {[%clk 1:31:11]} 6. Nc3 {[%clk
1:30:46]} Bg7 {[%clk 1:31:18]} 7. Be3 {[%clk 1:30:38]} O-O {[%clk 1:30:46]} 8.
Qd2 {[%clk 1:27:06]} Nc6 {[%clk 1:30:04]} 9. O-O-O {[%clk 1:25:51]} e5 {[%clk
1:29:17]} 10. d5 {[%clk 1:19:32]} Nd4 {[%clk 1:22:10]} 11. Bh6 {[%clk 1:19:14]}
c6 {[%clk 1:11:14]} 12. Bxg7 {[%clk 1:15:53]} Kxg7 {[%clk 1:11:41]} 13. dxc6
{[%clk 1:15:14]} Be6 {[%clk 1:07:54]} 14. Kb1 {[%clk 1:13:34]} Qe7 {[%clk
0:56:50]} 15. Nd5 {[%clk 1:06:34]} Nxd5 {[%clk 0:54:50]} 16. exd5 {[%clk
1:06:49]} Bxd5 {[%clk 0:54:30]} 17. h4 {[%clk 1:03:02]} Qe6 {[%clk 0:45:28]} 18.
b3 {[%clk 1:00:04]} Bxb3 {[%clk 0:39:36]} 19. Re1 {[%clk 1:00:00]} bxc6 {[%clk
0:38:56]} 20. Qe3 {[%clk 0:55:04]} Bxa2+ {[%clk 0:39:16]} 21. Kc1 {[%clk
0:55:21]} f6 {[%clk 0:38:27]} 22. f4 {[%clk 0:55:18]} Rab8 {[%clk 0:37:40]} 23.
Bd3 {[%clk 0:55:08]} Qb3 {[%clk 0:37:33]} 24. Ne2 {[%clk 0:49:55]} Qb2+ {[%clk
0:37:39]} 0-1

[Event "9th Vellmar Chess Days"]
[Site "chess24.com"]
[Date "2017.07.15"]
[Round "4"]
[White "Hehn, Hartmut"]
[Black "Nickel, Ruediger"]
[Result "1-0"]
[Board "8"]
[WhiteElo "2012"]
[WhiteCountry "GER"]
[WhiteFideId "4629027"]
[WhiteEloChange "14"]
[BlackElo "2157"]
[BlackCountry "GER"]
[BlackFideId "4618971"]
[BlackEloChange "-14"]

1. Nf3 {[%clk 1:06:35]} Nf6 {[%clk 1:30:56]} 2. g3 {[%clk 1:05:51]} b6 {[%clk
1:30:36]} 3. Bg2 {[%clk 1:05:59]} Bb7 {[%clk 1:30:58]} 4. d4 {[%clk 1:06:20]} e6
{[%clk 1:31:17]} 5. O-O {[%clk 1:06:25]} Be7 {[%clk 1:30:55]} 6. b3 {[%clk
1:03:26]} O-O {[%clk 1:28:01]} 7. c4 {[%clk 0:57:52]} a5 {[%clk 1:17:05]} 8. Nc3
{[%clk 0:57:43]} Bb4 {[%clk 1:12:16]} 9. Bb2 {[%clk 0:57:20]} Na6 {[%clk
1:02:21]} 10. a3 {[%clk 0:56:28]} Bxc3 {[%clk 1:02:07]} 11. Bxc3 {[%clk 0:56:51]}
Be4 {[%clk 0:53:36]} 12. Rc1 {[%clk 0:44:36]} Qe7 {[%clk 0:51:11]} 13. Bb2 {[%clk
0:42:35]} c6 {[%clk 0:47:21]} 14. Ne5 {[%clk 0:40:59]} Bxg2 {[%clk 0:44:36]} 15.
Kxg2 {[%clk 0:41:22]} Rfc8 {[%clk 0:42:44]} 16. e3 {[%clk 0:37:23]} d6 {[%clk
0:42:04]} 17. Ng4 {[%clk 0:37:18]} Nxg4 {[%clk 0:40:49]} 18. Qxg4 {[%clk
0:37:39]} f5 {[%clk 0:41:09]} 19. Qf3 {[%clk 0:37:42]} d5 {[%clk 0:41:27]} 20. h4
{[%clk 0:37:37]} b5 {[%clk 0:36:07]} 21. cxd5 {[%clk 0:33:44]} cxd5 {[%clk
0:36:28]} 22. Qe2 {[%clk 0:33:56]} Qb7 {[%clk 0:36:27]} 23. Rxc8+ {[%clk
0:33:38]} Rxc8 {[%clk 0:36:51]} 24. Rc1 {[%clk 0:33:51]} Rxc1 {[%clk 0:36:50]}
25. Bxc1 {[%clk 0:34:14]} Qc6 {[%clk 0:37:07]} 26. Bd2 {[%clk 0:33:03]} a4 {[%clk
0:36:24]} 27. bxa4 {[%clk 0:32:45]} bxa4 {[%clk 0:36:40]} 28. Be1 {[%clk
0:29:50]} Nc7 {[%clk 0:35:41]} 29. Qb2 {[%clk 0:27:08]} Qb5 {[%clk 0:27:21]} 30.
Qc3 {[%clk 0:26:15]} Qc4 {[%clk 0:27:25]} 31. Qa5 {[%clk 0:26:26]} Qc6 {[%clk
0:13:00]} 32. Bb4 {[%clk 0:25:10]} h6 {[%clk 0:11:24]} 33. Qa7 {[%clk 0:23:39]}
Kh7 {[%clk 0:10:56]} 34. Qb8 {[%clk 0:23:16]} Ne8 {[%clk 0:10:01]} 35. Qa7 {[%clk
0:16:31]} Nf6 {[%clk 0:09:52]} 36. Bf8 {[%clk 0:13:22]} Qd7 {[%clk 0:10:02]} 37.
Qa6 {[%clk 0:13:22]} Ng4 {[%clk 0:09:54]} 38. Bb4 {[%clk 0:13:09]} Qc8 {[%clk
0:09:47]} 39. Qxc8 {[%clk 0:13:29]} 1-0

[Event "9th Vellmar Chess Days"]
[Site "chess24.com"]
[Date "2017.07.15"]
[Round "4"]
[White "Humburg, Philipp"]
[Black "Braun, Ingram"]
[Result "0-1"]
[Board "9"]
[WhiteElo "2229"]
[WhiteCountry "GER"]
[WhiteFideId "24656151"]
[WhiteEloChange "-16"]
[BlackElo "2003"]
[BlackCountry "GER"]
[BlackFideId "24657816"]
[BlackEloChange "16"]

1. e4 {[%clk 1:30:06]} c5 {[%clk 1:30:55]} 2. Nf3 {[%clk 1:30:26]} e6 {[%clk
1:31:21]} 3. d4 {[%clk 1:30:33]} cxd4 {[%clk 1:31:45]} 4. Nxd4 {[%clk 1:30:59]}
a6 {[%clk 1:32:08]} 5. Bd3 {[%clk 1:29:36]} g6 {[%clk 1:32:31]} 6. O-O {[%clk
1:28:35]} Bg7 {[%clk 1:32:41]} 7. Nb3 {[%clk 1:28:37]} Ne7 {[%clk 1:32:06]} 8. c4
{[%clk 1:28:42]} d5 {[%clk 1:30:32]} 9. exd5 {[%clk 1:28:55]} exd5 {[%clk
1:30:45]} 10. cxd5 {[%clk 1:27:29]} Qxd5 {[%clk 1:16:52]} 11. Nc3 {[%clk
1:26:00]} Qd7 {[%clk 1:14:00]} 12. Nc5 {[%clk 1:18:08]} Qc7 {[%clk 1:07:41]} 13.
Be3 {[%clk 1:16:45]} O-O {[%clk 1:07:27]} 14. Rc1 {[%clk 1:17:09]} Nbc6 {[%clk
1:07:09]} 15. Qa4 {[%clk 1:14:15]} Rb8 {[%clk 0:40:29]} 16. Rfd1 {[%clk 1:11:28]}
Rd8 {[%clk 0:36:54]} 17. Bf1 {[%clk 1:05:14]} Bf5 {[%clk 0:24:05]} 18. Qh4 {[%clk
1:01:15]} Rxd1 {[%clk 0:19:43]} 19. Rxd1 {[%clk 0:57:29]} Re8 {[%clk 0:19:27]}
20. N3e4 {[%clk 0:55:12]} Bxe4 {[%clk 0:16:14]} 21. Qxe4 {[%clk 0:53:11]} Qc8
{[%clk 0:15:30]} 22. Qf3 {[%clk 0:50:41]} Nf5 {[%clk 0:15:04]} 23. Rc1 {[%clk
0:44:26]} Nxe3 {[%clk 0:12:24]} 24. fxe3 {[%clk 0:44:31]} Rxe3 {[%clk 0:12:22]}
25. Qd5 {[%clk 0:44:13]} Re5 {[%clk 0:10:50]} 26. Qd1 {[%clk 0:43:34]} Bh6 {[%clk
0:08:49]} 27. Nd3 {[%clk 0:42:12]} Bxc1 {[%clk 0:07:55]} 28. Qxc1 {[%clk
0:42:28]} Re8 {[%clk 0:06:10]} 29. Nf2 {[%clk 0:41:13]} Qe6 {[%clk 0:04:40]} 30.
Qf4 {[%clk 0:39:53]} Qe5 {[%clk 0:03:28]} 31. Qh4 {[%clk 0:40:06]} Qd4 {[%clk
0:03:03]} 32. Qg3 {[%clk 0:39:32]} Kg7 {[%clk 0:02:14]} 33. h3 {[%clk 0:39:55]}
Re6 {[%clk 0:01:41]} 34. b3 {[%clk 0:39:43]} Rf6 {[%clk 0:02:00]} 35. Be2 {[%clk
0:39:49]} Qf4 {[%clk 0:01:50]} 36. Qxf4 {[%clk 0:39:52]} Rxf4 {[%clk 0:02:18]}
37. Nd3 {[%clk 0:40:12]} Rd4 {[%clk 0:02:37]} 38. Kf2 {[%clk 0:40:29]} Rd8 {[%clk
0:01:45]} 39. Ke3 {[%clk 0:40:44]} Re8+ {[%clk 0:02:05]} 40. Kd2 {[%clk 0:41:06]}
Nd4 {[%clk 0:01:46]} 41. Bd1 {[%clk 0:41:28]} b6 {[%clk 0:26:28]} 42. b4 {[%clk
1:11:55]} f5 {[%clk 0:22:41]} 43. a4 {[%clk 1:11:30]} a5 {[%clk 0:21:51]} 44.
bxa5 {[%clk 1:11:02]} bxa5 {[%clk 0:22:20]} 45. Kc3 {[%clk 1:11:19]} Ne6 {[%clk
0:19:14]} 46. Nb2 {[%clk 1:07:54]} Rc8+ {[%clk 0:19:07]} 47. Nc4 {[%clk 1:08:06]}
Kf6 {[%clk 0:18:11]} 48. Bf3 {[%clk 1:07:47]} Nc5 {[%clk 0:17:24]} 49. Nxa5
{[%clk 1:07:50]} Nxa4+ {[%clk 0:16:59]} 50. Kd4 {[%clk 1:08:06]} Nb6 {[%clk
0:15:24]} 51. Nc6 {[%clk 1:08:09]} Re8 {[%clk 0:13:40]} 52. Kc5 {[%clk 1:07:39]}
Nd7+ {[%clk 0:13:39]} 53. Kd4 {[%clk 1:07:23]} Ne5 {[%clk 0:13:33]} 54. Bd5
{[%clk 1:07:46]} Nxc6+ {[%clk 0:13:48]} 55. Bxc6 {[%clk 1:08:14]} Re7 {[%clk
0:13:45]} 56. Bf3 {[%clk 1:08:26]} Kg5 {[%clk 0:13:28]} 57. Kd3 {[%clk 1:08:48]}
Kf4 {[%clk 0:13:42]} 58. Bc6 {[%clk 1:09:08]} Kg3 {[%clk 0:13:50]} 59. Kd2 {[%clk
1:09:34]} f4 {[%clk 0:13:48]} 60. Bf3 {[%clk 1:09:49]} g5 {[%clk 0:13:15]} 61.
Bc6 {[%clk 1:10:07]} Kf2 {[%clk 0:12:28]} 62. Bf3 {[%clk 1:10:27]} Re3 {[%clk
0:12:39]} 63. Bc6 {[%clk 1:10:49]} Rg3 {[%clk 0:13:04]} 64. Be4 {[%clk 1:11:12]}
h6 {[%clk 0:13:21]} 65. Kd1 {[%clk 1:11:32]} Rxg2 {[%clk 0:13:41]} 0-1

[Event "9th Vellmar Chess Days"]
[Site "chess24.com"]
[Date "2017.07.15"]
[Round "4"]
[White "Hoefelsauer, Thomas"]
[Black "Eggenstein, Frank"]
[Result "1-0"]
[Board "10"]
[WhiteElo "2395"]
[WhiteTitle "FM"]
[WhiteCountry "GER"]
[WhiteFideId "24668842"]
[WhiteEloChange "2"]
[BlackElo "2047"]
[BlackCountry "GER"]
[BlackFideId "4651278"]
[BlackEloChange "-2"]

1. Nf3 {[%clk 1:30:57]} Nf6 {[%clk 1:30:51]} 2. c4 {[%clk 1:31:23]} g6 {[%clk
1:31:13]} 3. g3 {[%clk 1:31:50]} Bg7 {[%clk 1:31:35]} 4. Bg2 {[%clk 1:32:17]} d6
{[%clk 1:31:55]} 5. d4 {[%clk 1:32:39]} O-O {[%clk 1:32:05]} 6. O-O {[%clk
1:33:05]} Nc6 {[%clk 1:32:03]} 7. Nc3 {[%clk 1:33:30]} a6 {[%clk 1:32:24]} 8. b3
{[%clk 1:33:51]} Rb8 {[%clk 1:32:00]} 9. d5 {[%clk 1:34:13]} Na5 {[%clk 1:27:22]}
10. Bg5 {[%clk 1:34:36]} c5 {[%clk 1:26:15]} 11. dxc6 {[%clk 1:35:00]} Nxc6
{[%clk 1:22:19]} 12. Rc1 {[%clk 1:34:07]} h6 {[%clk 1:19:28]} 13. Be3 {[%clk
1:31:43]} Ng4 {[%clk 1:14:10]} 14. Bd2 {[%clk 1:31:26]} Bd7 {[%clk 1:03:38]} 15.
Nd5 {[%clk 1:28:00]} Kh7 {[%clk 0:36:07]} 16. Ne1 {[%clk 1:10:21]} b5 {[%clk
0:24:38]} 17. h3 {[%clk 1:08:58]} e6 {[%clk 0:22:08]} 18. Nb4 {[%clk 0:59:46]}
Nge5 {[%clk 0:16:15]} 19. Nxc6 {[%clk 0:53:05]} Bxc6 {[%clk 0:06:30]} 20. Bxc6
{[%clk 0:52:28]} Nxc6 {[%clk 0:06:58]} 21. cxb5 {[%clk 0:52:48]} Ne7 {[%clk
0:07:19]} 22. bxa6 {[%clk 0:50:13]} Qb6 {[%clk 0:07:25]} 23. Bc3 {[%clk 0:47:09]}
e5 {[%clk 0:07:17]} 24. Nc2 {[%clk 0:43:26]} Qxa6 {[%clk 0:03:52]} 25. Nb4 {[%clk
0:43:35]} Qb6 {[%clk 0:02:38]} 26. Nd5 {[%clk 0:42:54]} Qb7 {[%clk 0:02:44]} 27.
Nxe7 {[%clk 0:42:56]} Qxe7 {[%clk 0:03:13]} 28. Qd5 {[%clk 0:41:22]} Qd7 {[%clk
0:03:27]} 29. Kh2 {[%clk 0:37:56]} Rfd8 {[%clk 0:03:48]} 30. a4 {[%clk 0:37:47]}
h5 {[%clk 0:03:55]} 31. Ba5 {[%clk 0:36:13]} Rdc8 {[%clk 0:04:00]} 32. Rfd1
{[%clk 0:35:50]} Qf5 {[%clk 0:03:29]} 33. Kg2 {[%clk 0:33:37]} Bf8 {[%clk
0:02:11]} 34. Bc7 {[%clk 0:28:46]} Rb4 {[%clk 0:02:14]} 35. Rd3 {[%clk 0:21:12]}
Kg8 {[%clk 0:02:29]} 36. Rcc3 {[%clk 0:16:58]} Qd7 {[%clk 0:02:22]} 37. Ba5
{[%clk 0:16:02]} Rxc3 {[%clk 0:01:05]} 38. Bxb4 {[%clk 0:15:19]} Rc8 {[%clk
0:01:06]} 39. Bd2 {[%clk 0:14:47]} Qf5 {[%clk 0:00:56]} 40. b4 {[%clk 0:12:36]}
Rc7 {[%clk 0:30:19]} 41. a5 {[%clk 0:38:16]} Qc8 {[%clk 0:23:09]} 42. Be3 {[%clk
0:32:48]} Rc2 {[%clk 0:16:11]} 43. Rd2 {[%clk 0:37:32]} Rc1 {[%clk 0:22:48]} 44.
Ra2 {[%clk 0:35:11]} 1-0

[Event "9th Vellmar Chess Days"]
[Site "chess24.com"]
[Date "2017.07.15"]
[Round "4"]
[White "Lesny, Florian"]
[Black "George, Tom"]
[Result "0-1"]
[Board "11"]
[WhiteElo "1997"]
[WhiteCountry "GER"]
[WhiteFideId "12973874"]
[WhiteEloChange "-4"]
[BlackElo "2212"]
[BlackCountry "GER"]
[BlackFideId "24659487"]
[BlackEloChange "4"]

1. e4 {[%clk 1:30:58]} c5 {[%clk 1:29:58]} 2. Nf3 {[%clk 1:31:15]} a6 {[%clk
1:29:23]} 3. c3 {[%clk 1:31:36]} e6 {[%clk 1:29:32]} 4. d4 {[%clk 1:30:41]} d5
{[%clk 1:29:56]} 5. e5 {[%clk 1:30:59]} Bd7 {[%clk 1:30:08]} 6. b3 {[%clk
1:20:02]} cxd4 {[%clk 1:28:59]} 7. cxd4 {[%clk 1:18:54]} Bb5 {[%clk 1:29:22]} 8.
Be2 {[%clk 1:15:20]} Bb4+ {[%clk 1:26:33]} 9. Bd2 {[%clk 1:10:12]} Bxe2 {[%clk
1:22:12]} 10. Qxe2 {[%clk 1:10:32]} Nc6 {[%clk 1:21:46]} 11. O-O {[%clk 1:06:46]}
Be7 {[%clk 1:15:50]} 12. Nc3 {[%clk 1:04:54]} h5 {[%clk 1:14:24]} 13. Be3 {[%clk
0:58:50]} Nh6 {[%clk 1:13:15]} 14. a3 {[%clk 0:57:05]} Nf5 {[%clk 1:11:08]} 15.
Qd3 {[%clk 0:55:58]} g5 {[%clk 1:07:27]} 16. Nd2 {[%clk 0:53:31]} f6 {[%clk
0:58:52]} 17. exf6 {[%clk 0:39:59]} Bxf6 {[%clk 0:59:14]} 18. Rfe1 {[%clk
0:40:13]} Kf7 {[%clk 0:52:37]} 19. Ne2 {[%clk 0:36:06]} h4 {[%clk 0:48:28]} 20.
b4 {[%clk 0:32:59]} h3 {[%clk 0:48:33]} 21. g3 {[%clk 0:32:27]} Qg8 {[%clk
0:47:24]} 22. b5 {[%clk 0:29:17]} axb5 {[%clk 0:41:46]} 23. Qxb5 {[%clk 0:29:27]}
Ra7 {[%clk 0:39:02]} 24. Qd3 {[%clk 0:28:33]} Qg6 {[%clk 0:37:32]} 25. Nb3 {[%clk
0:24:38]} Qh5 {[%clk 0:35:34]} 26. Bd2 {[%clk 0:23:31]} Rc8 {[%clk 0:26:14]} 27.
Bc3 {[%clk 0:22:13]} Qg6 {[%clk 0:23:00]} 28. a4 {[%clk 0:18:29]} Nd6 {[%clk
0:22:27]} 29. Qxg6+ {[%clk 0:16:50]} Kxg6 {[%clk 0:22:56]} 30. Nd2 {[%clk
0:16:17]} Rca8 {[%clk 0:21:39]} 31. Nb3 {[%clk 0:14:40]} b6 {[%clk 0:19:58]} 32.
a5 {[%clk 0:13:05]} Nxa5 {[%clk 0:17:31]} 33. Nxa5 {[%clk 0:12:33]} bxa5 {[%clk
0:17:44]} 34. Ra4 {[%clk 0:12:35]} Nc4 {[%clk 0:13:49]} 35. Nc1 {[%clk 0:11:49]}
Nb6 {[%clk 0:13:30]} 36. Ra2 {[%clk 0:11:51]} Kf7 {[%clk 0:11:30]} 37. Nb3 {[%clk
0:10:58]} Nc4 {[%clk 0:04:24]} 38. Nc5 {[%clk 0:10:31]} Re8 {[%clk 0:03:50]} 39.
Rae2 {[%clk 0:09:03]} Rae7 {[%clk 0:03:08]} 40. f4 {[%clk 0:05:46]} gxf4 {[%clk
0:02:29]} 41. gxf4 {[%clk 0:05:22]} Nd6 {[%clk 0:27:34]} 42. Re3 {[%clk 0:31:55]}
Nb5 {[%clk 0:27:19]} 43. Rd1 {[%clk 0:32:05]} Rc8 {[%clk 0:26:01]} 44. Rxh3
{[%clk 0:27:39]} Rxc5 {[%clk 0:23:47]} 45. dxc5 {[%clk 0:27:36]} Nxc3 {[%clk
0:24:02]} 46. Rd2 {[%clk 0:26:49]} a4 {[%clk 0:22:47]} 47. c6 {[%clk 0:25:53]} a3
{[%clk 0:21:17]} 48. Rh7+ {[%clk 0:25:18]} Ke8 {[%clk 0:20:14]} 49. c7 {[%clk
0:22:41]} Kd7 {[%clk 0:20:13]} 50. Rxe7+ {[%clk 0:16:01]} Bxe7 {[%clk 0:20:32]}
51. Rc2 {[%clk 0:16:13]} Bf6 {[%clk 0:20:15]} 52. c8Q+ {[%clk 0:16:26]} Kxc8
{[%clk 0:20:40]} 0-1